|
|
|
|
| LEADER |
00869nam a2200325 4500 |
| 001 |
DLU120133306 |
| 005 |
##20120406 |
| 040 |
# |
# |
|a DLU
|b vie
|
| 041 |
# |
# |
|a vie
|
| 044 |
# |
# |
|a vn
|
| 082 |
# |
# |
|a 510.712
|b NG-H
|
| 100 |
# |
# |
|a Nguyễn Phụ Hy,
|e chủ biên.
|
| 245 |
# |
# |
|a Dạy học phép đo đại lượng ở bậc tiểu học /
|c Nguyễn Phụ Hy, Bùi Thị Hường.
|
| 250 |
# |
# |
|a Tái bản lần thứ ba.
|
| 260 |
# |
# |
|a H. :
|b Giáo dục,
|c 2001.
|
| 300 |
# |
# |
|a 92 tr. :
|b minh hoạ ;
|c 20 cm.
|
| 650 |
# |
# |
|a Dạy học ở trường tiểu học.
|
| 650 |
# |
# |
|a Toán học.
|
| 700 |
# |
# |
|a Bùi Thị Hường.
|
| 923 |
# |
# |
|a 01/2012SP
|
| 991 |
# |
# |
|a GT
|
| 992 |
# |
# |
|a 4500
|
| 994 |
# |
# |
|a KSP
|
| 900 |
# |
# |
|a True
|
| 911 |
# |
# |
|a Nguyễn Thanh Hương
|
| 925 |
# |
# |
|a G
|
| 926 |
# |
# |
|a A
|
| 927 |
# |
# |
|a SH
|
| 980 |
# |
# |
|a Thư viện Trường Đại học Đà Lạt
|